000 00871nas a2200301 4500
001 BR2012006495
003 BR-BrBNA
005 20231205121048.0
007 ta
008 230509b bl.|||p| |||| 00| 00por d
040 _aBR-BrBNA
_bpor
_cBiblioteca Nacional de Agricultura
041 _a(Pt)
072 _aH60
100 1 _aVelho, G.F.
100 1 _aCrusciol, C.A.C.
100 1 _aVelini, E.D.
100 1 _aCastro, G.S.A.
100 1 _aBorghi, E.
245 1 _aInterferência de Brachiaria plantaginea com a cultura do arroz, cv. primavera
650 _aARROZ
650 _aBRACHIARIA PLANTAGINEA
650 _aPAPUA
650 _aERVA DANINHA
650 _aPRODUTIVIDADE
773 0 _tPlanta Daninha (Brazil)
_xISSN 0100-8358
_g(Jan-Mar 2012), v. 30(1) p. 17-26
_wBR2012006495
909 _a202311
_bLúcia
_c55
_dLúcia Elande
942 _2AGRIS
_n0
_cANA
999 _c221661
_d221661